Normal view MARC view
  • Canada Geodetic Survey

Entry Corporate Name

Number of records used in: 1

001 - CONTROL NUMBER

  • control field: 5253

003 - CONTROL NUMBER IDENTIFIER

  • control field: SIRSI

005 - DATE AND TIME OF LATEST TRANSACTION

  • control field: 20190806150241.0

008 - FIXED-LENGTH DATA ELEMENTS

  • fixed length control field: 070704n| aaannaabn |n ana d

040 ## - CATALOGING SOURCE

  • Original cataloging agency: OSt
  • Transcribing agency: OSt

110 ## - HEADING--CORPORATE NAME

  • Corporate name or jurisdiction name as entry element: Canada Geodetic Survey

670 ## - SOURCE DATA FOUND

  • Source citation: Geodetic application of Shoran, 1955